| 000 | 01204nam a2200181Ia 4500 | ||
|---|---|---|---|
| 008 | 151202s9999||||xx |||||||||||||| ||und|| | ||
| 082 | _bPNVM-79080 | ||
| 100 | _aआंबेकर श्रीकांत गणेश. | ||
| 245 | _aभवसागर नावाडी-रावसाहेब सहस्त्रबुद्धे चरित्र अक्कलकोट स्वामी महाराजयांचे शिष्य. | ||
| 260 | _b"आत्मज्योत प्रकाशन,पुणे." | ||
| 260 | _c2012 | ||
| 300 | _a732 | ||
| 600 | _aआंबेकर श्रीकांत गणेश. | ||
| 630 | _aभवसागर नावाडी-रावसाहेब सहस्त्रबुद्धे चरित्र अक्कलकोट स्वामी महाराजयांचे शिष्य. | ||
| 700 | _aआंबेकर श्रीकांत गणेश. | ||
| 730 | _aभवसागर नावाडी-रावसाहेब सहस्त्रबुद्धे चरित्र अक्कलकोट स्वामी महाराजयांचे शिष्य. | ||
| 942 | _cBOOK | ||
| 999 |
_c1343739 _d1343736 |
||